Experiments in Basic Circuits: Theory and Application (Record no. 4290)

MARC details
005 - DATE AND TIME OF LATEST TRANSACTION
control field 20250618115507.0
020 ## - INTERNATIONAL STANDARD BOOK NUMBER
International Standard Book Number 0-675-20657-X
082 ## - DEWEY DECIMAL CLASSIFICATION NUMBER
Classification number LM 621.381 BUC
100 ## - MAIN ENTRY--PERSONAL NAME
Author name BUCHLA, D.
245 ## - TITLE STATEMENT
Title Experiments in Basic Circuits: Theory and Application
260 ## - PUBLICATION, DISTRIBUTION, ETC.
Place of publication, distribution, etc. New York,
Name of publisher, distributor, etc. Macmillan Publishing Company,
Date of publication, distribution, etc. 1989.
300 ## - PHYSICAL DESCRIPTION
Extent 269p.: ill.; figure, picture, table.
Dimensions 28cm.
942 ## - ADDED ENTRY ELEMENTS (KOHA)
Source of classification or shelving scheme Dewey Decimal Classification
Koha item type Books
Holdings
Date last seen Total checkouts Full call number Barcode Cost, replacement price Price effective from Koha item type Lost status Source of classification or shelving scheme Damaged status Not for loan Withdrawn status Home library Current library Shelving location Date acquired Cost, normal purchase price
06/18/2025   LM 621.381 BUC 0000007393 30000.00 06/18/2025 Books   Dewey Decimal Classification       College of Business Education Main Library College of Business Education Main Library General Collection 07/24/1995 10000.00